000 01469nam a2200433 c 4500
001 12389
003 ES-MaCES
005 20141221122203.0
008 010711s2001 sp l 000 | spa d
017 _aV 2288-2001
_bDL
020 _a8484423255
035 _aCES20010010045m
040 _aES-MaCES
_bspa
_cES-MaCES
100 1 _aBlasco Lahoz, José Francisco
_97894
245 1 4 _aLas pensiones no contributivas
_b: (doctrina, Jurisprudencia, Legislación y formularios)
_cJosé Francisco Blasco Lahoz
260 _aValencia
_bTirant lo Blanch
_c2001
300 _a742 p.
_c24 cm
490 1 _aTratados
500 _aÍndices
500 _aAnexos de Legislacion, Sentencias y formularios: p. 325-742
504 _aBibliografía: p. 675-679
541 _cCompra
650 4 _arégimen de pensión
_927042
650 4 _aprestaciones de invalidez
_927036
650 4 _aprestaciones de vejez
_927041
650 4 _aprestaciones no contributivas
_930900
650 4 _aadministración de la seguridad social
_930264
650 4 _aEspaña
_926964
650 4 _alegislación de seguridad social
_929855
650 4 _ajurisprudencia
_928624
650 4 _atexto
_929624
650 4 _adoctrina jurídica
_930888
650 4 _aformulario
_931568
653 1 0 _aDerecho del trabajo y Seguridad Social
830 0 _aTirant lo Blanch tratados
_933124
902 _aLIB Libro
942 _2CES
_cBK
_h6.0.1.
999 _c12389
_d12389